[Event "DSOL 07 Liga Final 1st"]
[Site "Playchess.com INT"]
[Date "2020.09.04"]
[Round "2.4"]
[White "Kliffken, Christian"]
[Black "Reyher, Bastian"]
[Result "0-1"]
[WhiteElo "1382"]
[BlackElo "1225"]
[PlyCount "50"]
[EventDate "2020.06.22"]
[EventType "team-k.o. (rapid)"]
[EventCountry "GER"]
[SourceTitle "EXT 2021"]
[Source "ChessBase"]
[SourceDate "2020.10.23"]
[SourceVersion "1"]
[SourceVersionDate "2020.10.23"]
[SourceQuality "1"]
[WhiteTeam "Porz SG III"]
[BlackTeam "Barnim II"]
[WhiteTeamCountry "GER"]
[BlackTeamCountry "GER"]

1. d4 d5 2. Nf3 Nf6 3. g3 g6 4. Bg2 Bg7 5. 0-0 0-0 6. Bf4 Be6 7. Nbd2 Nc6 8. c3 Qd7 9. Re1 Bf5 10. Nh4 Bh3 11. e4 Bxg2 12. Kxg2 dxe4 13. Nxe4 Nxe4 14. Rxe4 Qd5 15. Qd3 f5 16. f3 fxe4 17. fxe4 Qh5 18. Bxc7 Rac8 19. Be5 Nxe5 20. dxe5 Rcd8 21. Qc4+ Kh8 22. Rf1 Rd2+ 23. Kh3 g5 24. Rxf8+ Bxf8 25. Qf1 g4# 0-1

[Event "DSOL 07 Liga Gr-B 1st"]
[Site "Playchess.com INT"]
[Date "2020.07.17"]
[Round "4.4"]
[White "Kliffken, Christian"]
[Black "Loayza, Ignacio"]
[Result "1/2-1/2"]
[WhiteElo "1382"]
[BlackElo "1000"]
[PlyCount "103"]
[EventDate "2020.06.22"]
[EventType "team-tourn (rapid)"]
[EventCountry "GER"]
[SourceTitle "EXT 2021"]
[Source "ChessBase"]
[SourceDate "2020.10.23"]
[SourceVersion "1"]
[SourceVersionDate "2020.10.23"]
[SourceQuality "1"]
[WhiteTeam "Porz SG III"]
[BlackTeam "Chemnitz USG II"]
[WhiteTeamCountry "GER"]
[BlackTeamCountry "GER"]

1. d4 g6 2. g3 Bg7 3. c3 d5 4. Nf3 Nc6 5. Bg2 Nf6 6. 0-0 Bf5 7. Bf4 0-0 8. Nbd2 Ne4 9. Nxe4 Bxe4 10. Qb3 Rb8 11. Nd2 Bxg2 12. Kxg2 e5 13. Be3 exd4 14. cxd4 Nxd4 15. Bxd4 Bxd4 16. e3 Bg7 17. Nf3 c6 18. Rad1 Re8 19. h4 Qf6 20. Rd2 Qd8 21. Ng5 h6 22. Nf3 Re4 23. Nd4 Bxd4 24. Rxd4 Rxd4 25. exd4 Qb6 26. Qc3 Re8 27. Re1 Rxe1 28. Qxe1 Qxd4 29. Qc1 Kg7 30. b3 c5 31. Qa3 c4 32. bxc4 dxc4 33. Qf3 Qb2 34. h5 gxh5 35. Qxh5 Qd4 36. g4 c3 37. g5 Qd5+ 38. Kf1 Qxg5 39. Qd1 Qd2 40. Qg4+ Kf6 41. Qf3+ Ke5 42. Qg3+ Qf4 43. Qxc3+ Qd4 44. Qc7+ Kf6 45. Qxb7 Qa1+ 46. Kg2 Qxa2 47. Qf3+ Kg7 48. Qg4+ Kf8 49. Qc8+ Kg7 50. Qg4+ Kf6 51. Qf4+ Kg7 52. Qg4+ 1/2-1/2